NBA Awards - Statistics

General Stats
  • This quiz has been taken 99 times
  • The average score is 220 of 338
Answer Stats
Hint Answer % Correct
1994 6MOY Dell Curry
98%
2017 MIP | 2019 MVP | 2020 DPOY | +2 others Giannis Antetokounmpo
98%
2008 ROY | 2014 MVP | 2017 FMVP | 2018 FMVP Kevin Durant
98%
2015 MVP | 2016 MVP | 2022 FMVP | 2024 CPOY Stephen Curry
98%
2012 6MOY | 2018 MVP James Harden
97%
1969 FMVP Jerry West
97%
1971 FMVP | 1971 MVP | 1972 MVP | +5 others Kareem Abdul-Jabbar
97%
2008 MVP | 2009 FMVP | 2010 FMVP Kobe Bryant
97%
2004 ROY | 2009 MVP | 2010 MVP | +6 others LeBron James
97%
1970 ROY Lew Alcindor
97%
1985 ROY | 1988 DPOY | 1988 MVP | +10 others Michael Jordan
97%
2021 MVP | 2022 MVP | 2023 FMVP | 2024 MVP Nikola Jokic
97%
2017 MVP Russell Westbrook
97%
2025 FMVP | 2025 MVP Shai Gilgeous-Alexander
97%
1993 ROY | 2000 FMVP | 2000 MVP | +2 others Shaquille O'Neal
97%
2005 MVP | 2006 MVP Steve Nash
97%
1998 ROY | 1999 FMVP | 2002 MVP | +3 others Tim Duncan
97%
1997 ROY | 2001 MVP Allen Iverson
95%
2009 ROY | 2011 MVP Derrick Rose
95%
2007 MVP | 2011 FMVP Dirk Nowitzki
95%
2006 FMVP Dwyane Wade
95%
1993 DPOY | 1994 DPOY | 1994 FMVP | +2 others Hakeem Olajuwon
95%
1990 FMVP Isiah Thomas
95%
2000 MIP Jalen Rose
95%
2023 MVP Joel Embiid
95%
1997 MVP | 1999 MVP Karl Malone
95%
2014 FMVP | 2015 DPOY | 2016 DPOY | 2019 FMVP Kawhi Leonard
95%
2004 MVP | 2008 DPOY Kevin Garnett
95%
1980 ROY | 1984 FMVP | 1984 MVP | +3 others Larry Bird
95%
1979 MVP | 1982 MVP | 1983 FMVP | 1983 MVP Moses Malone
95%
1980 FMVP | 1982 FMVP | 1987 FMVP | +3 others Magic Johnson
94%
1960 MVP | 1960 ROY | 1966 MVP | +3 others Wilt Chamberlain
92%
1993 MVP Charles Barkley
91%
1993 6MOY Clifford Robinson
91%
1990 ROY | 1992 DPOY | 1995 MVP David Robinson
91%
2007 FMVP Tony Parker
91%
2015 FMVP Andre Iguodala
89%
1958 MVP | 1961 MVP | 1962 MVP | +2 others Bill Russell
89%
2024 FMVP Jaylen Brown
88%
2008 FMVP Paul Pierce
88%
1987 6MOY | 1990 6MOY Ricky Pierce
88%
2024 ROY Victor Wembanyama
88%
2004 FMVP Chauncey Billups
86%
2018 DPOY | 2019 DPOY | 2021 DPOY | 2024 DPOY Rudy Gobert
86%
1977 FMVP | 1978 MVP | 1986 6MOY Bill Walton
84%
2017 DPOY Draymond Green
83%
1957 MVP Bob Cousy
81%
2009 DPOY | 2010 DPOY | 2011 DPOY Dwight Howard
81%
2025 DPOY Evan Mobley
81%
1988 FMVP James Worthy
81%
1981 MVP Julius Erving
81%
2012 ROY Kyrie Irving
81%
1969 MVP | 1969 ROY | 1978 FMVP Wes Unseld
81%
1955 ROY | 1956 MVP | 1959 MVP Bob Pettit
80%
2023 DPOY Jaren Jackson Jr.
78%
2024 6MOY Naz Reid
78%
2025 ROY Stephon Castle
78%
1986 DPOY | 1986 MIP Alvin Robertson
77%
2002 DPOY | 2003 DPOY | 2005 DPOY | 2006 DPOY Ben Wallace
77%
1974 FMVP John Havlicek
77%
1961 ROY | 1964 MVP Oscar Robertson
77%
1965 ROY | 1970 FMVP | 1970 MVP | 1973 FMVP Willis Reed
77%
1973 ROY | 1975 MVP Bob McAdoo
73%
1979 FMVP Dennis Johnson
73%
1989 6MOY Eddie Johnson
73%
1989 FMVP Joe Dumars
73%
1989 MIP Kevin Johnson
73%
1992 ROY Larry Johnson
73%
1995 DPOY | 1997 DPOY | 1998 DPOY | 2001 DPOY Dikembe Mutombo
72%
2022 DPOY Marcus Smart
72%
2023 ROY Paolo Banchero
72%
1966 ROY | 1975 FMVP Rick Barry
72%
2021 ROY LaMelo Ball
70%
2013 DPOY Marc Gasol
70%
2002 ROY Pau Gasol
70%
1971 ROY | 1973 MVP Dave Cowens
69%
2020 ROY | 2022 MIP Ja Morant
69%
1976 FMVP Jo Jo White
69%
2019 ROY Luka Doncic
69%
2003 6MOY Bobby Jackson
67%
1988 ROY Mark Jackson
67%
1990 DPOY | 1991 DPOY Dennis Rodman
64%
2002 MIP Jermaine O'Neal
63%
1996 DPOY Gary Payton
61%
1995 ROY Jason Kidd
61%
2014 DPOY Joakim Noah
61%
2014 ROY Michael Carter-Williams
61%
1982 ROY Buck Williams
59%
2015 6MOY | 2018 6MOY | 2019 6MOY Lou Williams
59%
1999 DPOY | 2000 DPOY Alonzo Mourning
58%
2006 ROY Chris Paul
58%
2025 CPOY Jalen Brunson
58%
2016 ROY Karl-Anthony Towns
58%
1986 ROY Patrick Ewing
58%
2018 ROY Ben Simmons
56%
2005 MIP Bobby Simmons
56%
1981 FMVP Cedric Maxwell
56%
2013 ROY Damian Lillard
56%
2022 ROY Scottie Barnes
56%
2015 ROY Andrew Wiggins
55%
2017 ROY | 2023 6MOY Malcolm Brogdon
52%
2004 DPOY Ron Artest
52%
1983 6MOY Bobby Jones
50%
2010 6MOY | 2014 6MOY | 2016 6MOY Jamal Crawford
50%
1985 DPOY | 1989 DPOY Mark Eaton
50%
2012 DPOY Tyson Chandler
50%
2011 ROY Blake Griffin
48%
1959 ROY Elgin Baylor
48%
1983 DPOY | 1984 DPOY Sidney Moncrief
48%
1999 ROY Vince Carter
48%
1984 6MOY | 1985 6MOY Kevin McHale
47%
2008 6MOY Manu Ginobili
47%
2007 DPOY Marcus Camby
47%
2003 ROY Amar'e Stoudemire
45%
1996 ROY Damon Stoudamire
45%
2013 6MOY J.R. Smith
45%
1978 ROY Walter Davis
45%
1994 ROY Chris Webber
44%
2023 CPOY De'Aaron Fox
42%
2015 MIP Jimmy Butler
42%
1987 DPOY Michael Cooper
42%
2001 ROY | 2006 6MOY Mike Miller
42%
2013 MIP Paul George
42%
2025 6MOY Payton Pritchard
42%
2024 MIP Tyrese Maxey
42%
2025 MIP Dyson Daniels
41%
1995 ROY Grant Hill
41%
2010 ROY Tyreke Evans
41%
2001 MIP Tracy McGrady
38%
2007 ROY Brandon Roy
36%
2000 ROY Elton Brand
33%
2005 ROY Emeka Okafor
33%
2022 6MOY Tyler Herro
33%
2011 MIP Kevin Love
31%
2019 MIP Pascal Siakam
31%
2000 ROY Steve Francis
31%
2005 6MOY Ben Gordon
30%
2020 MIP Brandon Ingram
30%
2017 6MOY Eric Gordon
30%
2021 MIP Julius Randle
30%
1951 ROY Paul Arizin
30%
2018 MIP Victor Oladipo
30%
1977 ROY Adrian Dantley
27%
1984 ROY Ralph Sampson
27%
2002 6MOY Corliss Williamson
25%
1967 ROY Dave Bing
25%
1991 ROY Derrick Coleman
25%
2003 MIP Gilbert Arenas
25%
2021 6MOY Jordan Clarkson
25%
2023 MIP Lauri Markkanen
25%
2016 MIP CJ McCollum
23%
1987 MIP Dale Ellis
23%
2007 MIP Monta Ellis
23%
1968 ROY Earl Monroe
22%
2009 6MOY Jason Terry
22%
2020 6MOY Montrezl Harrell
20%
1957 ROY Tom Heinsohn
20%
1962 ROY Walt Bellamy
20%
1975 ROY Jamaal Wilkes
19%
2011 6MOY Lamar Odom
19%
2010 MIP Aaron Brooks
17%
1991 6MOY | 1992 6MOY Detlef Schrempf
17%
1989 ROY Mitch Richmond
17%
2012 MIP Ryan Anderson
17%
1983 ROY Terry Cummings
17%
2004 MIP Zach Randolph
17%
1995 6MOY Anthony Mason
16%
2007 6MOY Leandro Barbosa
16%
1996 6MOY Toni Kukoc
16%
2004 6MOY Antawn Jamison
14%
2006 MIP Boris Diaw
14%
1987 ROY Chuck Person
14%
2008 MIP Hedo Turkoglu
14%
1964 ROY Jerry Lucas
14%
1997 6MOY John Starks
14%
2000 6MOY Rodney Rogers
14%
1976 ROY Alvan Adams
13%
2009 MIP Danny Granger
13%
1998 6MOY Danny Manning
13%
2001 6MOY Aaron McKie
11%
1996 MIP Gheorghe Muresan
11%
2014 MIP Goran Dragic
11%
1979 ROY Phil Ford
11%
1999 6MOY | 1999 MIP Darrell Armstrong
9%
1988 MIP Kevin Duckworth
9%
1972 ROY Sidney Wicks
9%
1950 ROY Alex Groza
8%
1981 ROY Darrell Griffith
8%
1974 ROY Ernie DiGregorio
8%
1971 ROY Geoff Petrie
8%
1956 ROY Maurice Stokes
8%
1992 MIP Pervis Ellison
8%
1998 MIP Alan Henderson
6%
1995 MIP Dana Barros
6%
1953 ROY Don Meineke
6%
1949 ROY Howie Shannon
6%
1997 MIP Isaac Austin
6%
1952 ROY Mel Hutchins
6%
1948 ROY Paul Hoffman
6%
1954 ROY Ray Felix
6%
1988 6MOY Roy Tarpley
6%
1991 MIP Scott Skiles
6%
1958 ROY Woody Sauldsberry
6%
1952 ROY Bill Tosheff
5%
1994 MIP Don MacLean
5%
1993 MIP Mahmoud Abdul-Rauf
5%
1990 MIP Rony Seikaly
5%
1963 ROY Terry Dischinger
5%
No matching quizzes found
Score Distribution
Percent of People with Each Score
Percentile by Number Answered
Your Score History
You have not taken this quiz